000
00303nam a22001337a 4500
008
181011b xxu||||| |||| 00| 0 eng d
020
_a
9780716731184
041
_a
eng
080
_a
616.073
100
_a
6
101
_a
GJEN
245
_a
Modern Genetic Analysis
_c
Griffiths,A,J.F
942
_2
udc
_c
BK
999
_c
49415
_d
49415